01042cam a2200253 a 450000100060000000300080000600500170001400800410003102000150007203500190008704000360010604100080014208200260015011000830017624501690025926001100042830000350053850400390057365000480061265000250066070000410068570000300072670000320075612485BD-RjUL20211208235313.0140129s1981 enka b 101 0 eng d a0632005254 a(BD-RjUL)12534 aLCbengcLCdVUdAS:PEdBD-RjUL aeng04a581.542219bBRP 19812 aBritish Ecological Society.bSymposiumn(21st :,d1979 :cEdinburgh, Scotland)10aPlants and their atmospheric environment :bthe 21st Symposium of the British Ecological Society, Edinburgh, 1979 /cedited by J. Grace, E.D. Ford, and P.G. Jarvis. aOxford ;aBoston :bBlackwell Scientific Publications ;aNew York :bDistributed by Halsted Press,c1981. aviii, 419 p. :bill. ;c25 cm. aIncludes bibliographies and index. 0aPlant-atmosphere relationshipsxCongresses. 0aPlant ecophysiology.1 aJarvis, P. G.q(Paul Gordon),d1935-1 aGrace, J.q(John),d1945-1 aFord, E. D.q(Edward David)